| 000 | 00592nam a22002177a 4500 | ||
|---|---|---|---|
| 003 | OSt | ||
| 005 | 20250919153627.0 | ||
| 008 | 250515t2023 ag ||||r|||| 00| p spa d | ||
| 020 | _a978-987-8429-30-4 | ||
| 040 | _cbesoc | ||
| 080 | _082-1(821.6) | ||
| 100 | 1 |
_aGiusti, Florencia, _eautor |
|
| 245 | 1 | 0 |
_aPerros estrellas canciones / _cFlorencia Giusti. |
| 250 | _a1a ed. | ||
| 260 |
_aRosario : _bEditorial Municiapl de Rosario, _c2023. |
||
| 300 |
_a36 p. ; _c21 cm. |
||
| 490 | 0 |
_aPoesía ; _v44 |
|
| 650 | 4 |
_aLiteratura _ySiglo XXI _zArgentina |
|
| 655 | 4 | _aPoesía | |
| 942 |
_2udc _cOG _n0 |
||
| 999 |
_c507 _d507 |
||